Fr. Conceicao Rodrigues College of Engineering

Beginning android 4: Application development (Record no. 31864)

MARC details
000 -LEADER
fixed length control field 00343nam a2200169Ia 4500
082 ## - DEWEY DECIMAL CLASSIFICATION NUMBER
Item number LEE
100 ## - MAIN ENTRY--PERSONAL NAME
Personal name Lee/Wei-Meng
245 ## - TITLE STATEMENT
Title Beginning android 4: Application development
260 ## - PUBLICATION, DISTRIBUTION, ETC.
Name of publisher, distributor, etc. Wrox
Date of publication, distribution, etc. 2012
366 ## - TRADE AVAILABILITY INFORMATION
Publishers's discount category 20
300 ## - PHYSICAL DESCRIPTION
Extent 533
546 ## - LANGUAGE NOTE
Language note ENGLISH
650 ## - SUBJECT ADDED ENTRY--TOPICAL TERM
Topical term or geographic name entry element Android
654 ## - SUBJECT ADDED ENTRY--FACETED TOPICAL TERMS
Focus term android 4
942 ## - ADDED ENTRY ELEMENTS (KOHA)
Koha item type BOOK
Holdings
Withdrawn status Lost status Damaged status Not for loan Collection Home library Current library Date acquired Source of acquisition Cost, normal purchase price Inventory number Total Checkouts Full call number Barcode Date last seen Cost, replacement price Price effective from Koha item type
        CRC Fr. Agnel's C.Rodrigues College of Engineering Fr. Agnel's C.Rodrigues College of Engineering 17/03/2023 Shroff Publishers 639.20 01017 dt 05.07.2019   LEE 25652 17/03/2023 799.00   BOOK
        CRC Fr. Agnel's C.Rodrigues College of Engineering Fr. Agnel's C.Rodrigues College of Engineering 17/03/2023 Shroff Publishers 639.20 01017 dt 05.07.2019   LEE 25653 17/03/2023 799.00   BOOK